LEADER 03141nam 2200637Ia 450 001 9910459930303321 005 20200520144314.0 010 $a1-282-86750-4 010 $a9786612867507 010 $a0-7735-7704-1 035 $a(CKB)2670000000080551 035 $a(EBL)3271208 035 $a(SSID)ssj0000443620 035 $a(PQKBManifestationID)11267174 035 $a(PQKBTitleCode)TC0000443620 035 $a(PQKBWorkID)10462314 035 $a(PQKB)11050807 035 $a(CEL)433021 035 $a(CaBNvSL)slc00225597 035 $a(MiAaPQ)EBC3271208 035 $a(MiAaPQ)EBC3332082 035 $a(Au-PeEL)EBL3332082 035 $a(CaPaEBR)ebr10559031 035 $a(CaONFJC)MIL286750 035 $a(OCoLC)923234803 035 $a(EXLCZ)992670000000080551 100 $a20090908d2010 uy 0 101 0 $aeng 135 $aurcn||||||||| 181 $ctxt 182 $cc 183 $acr 200 00$aTuberculosis then and now$b[electronic resource] $eperspectives on the history of an infectious disease /$fedited by Flurin Condrau and Michael Worboys 210 $aMontreal ;$aIthaca $cMcGill-Queen's University Press$dc2010 215 $a1 online resource (252 p.) 225 1 $aMcGill-Queen's/Associated Medical Services studies in the history of medicine, health, and society ;$v35 311 $a0-7735-3600-0 311 $a0-7735-3601-9 320 $aIncludes bibliographical references and index. 327 $a1. Tuberculosis and Its Histories: Then and Now / Linda Bryder, Flurin Condrau and Michael Worboys -- 2. Lay Disease Narratives, Tuberculosis, and Health Education Films / Tim Boon -- 3. Targeting Patient Zero / David S. Barnes -- 4. Beyond the Total Institution: Towards a Reinterpretation of the Tuberculosis Sanatorium / Flurin Condrau -- 5. Great White Plague Turns Alien: Tuberculosis and Immigration in Australia, 1901-2001 / Alison Bashford -- 6. Importation, Deprivation, and Susceptibility: Tuberculosis Narratives in Postwar Britain / John Welshman -- 7. Before McKeown: Explaining the Decline of Tuberculosis in Britain, 1880-1930 / Michael Worboys -- 8. "The right not to suffer consumption": Health, Welfare Charity, and the Working Class in Spain during the Restoration Period / Jorge Molero-Mesa -- 9. Lobbying and Resistance with regard to Policy on Bovine Tuberculosis in Britain, 1900-1939: An Inside/Outside Model / Peter J. Atkins -- 10. At Home in the Colonies: the WHO-MRC Trials at the Madras Chemotherapy Centre in the 1950's and 1960's / Helen Valier. 410 0$aMcGill-Queen's/Associated Medical Services studies in the history of medicine, health, and society ;$v35. 606 $aTuberculosis$xHistory 606 $aTuberculosis 608 $aElectronic books. 615 0$aTuberculosis$xHistory. 615 0$aTuberculosis. 676 $a616.9/95 701 $aCondrau$b Flurin$0933097 701 $aWorboys$b Michael$f1948-$0802196 801 0$bMiAaPQ 801 1$bMiAaPQ 801 2$bMiAaPQ 906 $aBOOK 912 $a9910459930303321 996 $aTuberculosis then and now$92100213 997 $aUNINA LEADER 02193nam 2200505 450 001 9910153452003321 005 20211005165057.0 010 $a3-0355-0502-0 035 $a(CKB)3710000000961155 035 $a(MiAaPQ)EBC4753061 035 $a(MiAaPQ)EBC6723431 035 $a(Au-PeEL)EBL6723431 035 $a(OCoLC)1273000788 035 $a59666411-d980-45dd-90ef-6933b0dd2d03 035 $a(EXLCZ)993710000000961155 100 $a20161213h20162016 uy 0 101 0 $ager 135 $aurcnu|||||||| 181 $2rdacontent 182 $2rdamedia 183 $2rdacarrier 200 00$aReader Was soll politische bildung? $eelf konzeptionen von 1799 bis heute /$fherausgegeben von Alexander Lo?tscher, Claudia Schneider, Be?atrice Ziegler 205 $a1. Auflage. 210 1$aBern, [Switzerland] :$chep,$d2016. 210 4$d©2016 215 $a1 online resource (261 pages) $ccolor illustrations 300 $aPublicationDate: 20161028 311 $a3-0355-0533-0 320 $aIncludes bibliographical references. 330 $aLong description: Dieses E-Book enthält komplexe Grafiken und Tabellen, welche nur auf E-Readern gut lesbar sind, auf denen sich Bilder vergrössern lassen. Die Vorstellungen darüber, was Politische Bildung leisten soll, sind sehr unterschiedlich: Sollen den Lernenden damit staatsbürgerliche Kenntnisse, die Fähigkeit zur Ausübung ihrer demokratischen Rechte oder bestimmte Werte vermittelt werden ? Dieser Reader stellt elf Konzeptionen der Politischen Bildung anhand von Originaltexten vor. Die Quellen werden jeweils in den historischen Kontext eingebettet und mit aktuellen Kontroversen verknüpft. 606 $aPolitical science$xStudy and teaching 608 $aElectronic books. 615 0$aPolitical science$xStudy and teaching. 676 $a320.07 700 $aZiegler$b Béatrice$4aut$01249550 702 $aLo?tscher$b Alexander 702 $aSchneider$b Claudia 702 $aZiegler$b Be?atrice 801 0$bMiAaPQ 801 1$bMiAaPQ 801 2$bMiAaPQ 906 $aBOOK 912 $a9910153452003321 996 $aReader Was soll politische bildung$92895682 997 $aUNINA LEADER 01258nam0 22003131i 450 001 UON00467698 005 20231205105150.897 010 $a978-88-671-9116-1 100 $a20160524d2015 |0itac50 ba 101 $aita 102 $aIT 105 $a|||| ||||| 200 1 $aˆLo ‰stadio di Cuma$fMarco Giglio 205 $aNapoli : Il Torcoliere$b2015 210 $a237 p.$cill. ; 24 cm. + 5 c. di tav. ripeg. in tasca 215 $aIn testa al front.: Università degli Studi di Napoli "L'Orientale" 316 $aDono dell'autore$5IT-UONSI N 2CUMA009 606 $aSCAVI ARCHEOLOGICI$xCuma$xFortificazioni$3UONC082574$2FI 606 $aSCAVI ARCHEOLOGICI$xCuma$xStadio$3UONC089748$2FI 620 $aIT$dNapoli$3UONL000012 676 $a937.7$cItalia meridionale. Storia antica$v21 700 1$aGIGLIO$bMarco$3UONV146464$0718169 712 $aIl Torcoliere$3UONV265327$4650 801 $aIT$bSOL$c20240220$gRICA 899 $aSIBA - SISTEMA BIBLIOTECARIO DI ATENEO$2UONSI 912 $aUON00467698 950 $aSIBA - SISTEMA BIBLIOTECARIO DI ATENEO$dSI N 2 CUMA 009 $eSI 18301 7 Dono dell'autore 996 $aStadio di Cuma$91392327 997 $aUNIOR